000 00396nam a22001337a 4500
008 160927b xxu||||| |||| 00| 0 eng d
040 _aKABU
_cKABU
050 _aR729.8
_b.B54 2007 C.1
245 _aThe big black book of 100 most common medical blunders
260 _aUSA
_c2007
300 _a62 p.
650 _2Medical errors
942 _2lcc
_cBK
_hR729.8 .B54 2007 C.1
999 _c16108
_d16108